000
00341nam a2200145Ia 4500
008
191201s2008 xx 000 0 und d
082
_a
659.1
_b
LAA
100
_a
LANE, Ronald W
245
0
_a
Kleppner's Advertising Procedure
250
_a
1st IMP
260
_a
N. Delhi
_b
Pearson
_c
2008
300
_a
782
650
_a
BBA
942
_2
ddc
_c
BK
999
_c
4494
_d
4494